| 000 | 00549nam a2200193 i 4500 | ||
|---|---|---|---|
| 001 | 109740 | ||
| 003 | ES-MaACL | ||
| 005 | 20250817062554.0 | ||
| 007 | t| | ||
| 008 | 061121s1973 sp |||| | spa d | ||
| 245 | 0 | 0 |
_aOnce ensayos sobre la ciencia / _cpor Benzo ... [et al.]. |
| 260 |
_aMadrid : _bFundación Juan March, _c1973. |
||
| 300 |
_a225 p. ; _c20 cm. |
||
| 650 | 1 | 7 |
_aCiencia _2embne _910929 |
| 700 | 1 |
_aBenzo Mestre, Miguel. _927814 |
|
| 710 | 2 |
_aFundación Juan March _94346 |
|
| 852 |
_aES-MaACL _jC-52941 |
||
| 999 |
_c109740 _d109740 |
||